| 000 | 00551nam a2200169 i 4500 | ||
|---|---|---|---|
| 001 | 25974 | ||
| 003 | ES-MaACL | ||
| 005 | 20230906153350.0 | ||
| 007 | t| | ||
| 008 | 030107s1964 sp ||||1| spa d | ||
| 245 | 0 | 0 |
_aArte aéreo de la guerra de liberación española _b: guiones. |
| 260 |
_aVillafría (Burgos) : _b[s.n., _c1964] ( _fTall. Gráf. Diario de Burgos) |
||
| 300 |
_a58 p. ; _c21 cm. |
||
| 500 | _aPrecede al tít.: Milicia Aerea Universitaria. | ||
| 710 | 2 |
_aMilicia Aerea Universitaria. _95711 |
|
| 852 |
_aES-MaACL _j2044-F-6 _bR.54942 |
||
| 999 |
_c25974 _d25974 |
||